000 00425nam a22001575i 4500
999 _c118129
_d118129
001 20663635
005 20200810154023.0
008 180910s2018 nyu 000 0 eng
020 _a9783030009540
040 _cPK-LaUMT
082 _a956.70443
_bIRA-
245 0 0 _aIraq after ISIS :
_bthe challenges of post-war recovery /
_c2019
260 _aSwitzerland :
_bPalgrave Macmillan,
_c2019
300 _a135 p.
942 _cBK